Juventudes, género y violencia : (Record no. 214985)

MARC details
000 -CABECERA
campo de control de longitud fija 02388nam a22002657a 4500
005 - FECHA Y HORA DE LA ÚLTIMA TRANSACCIÓN
campo de control 20260423064241.0
007 - CAMPO FIJO DE DESCRIPCIÓN FÍSICA--INFORMACIÓN GENERAL
campo de control de longitud fija cr |||aaa|||||
008 - ELEMENTOS DE LONGITUD FIJA--INFORMACIÓN GENERAL
campo de control de longitud fija 260421s2025 mx| ||||o|||| 000 0 spa d
020 ## - NÚMERO INTERNACIONAL NORMALIZADO PARA LIBROS
Número Internacional Estándar del Libro 9786072646155
040 ## - FUENTE DE LA CATALOGACIÓN
Centro catalogador/agencia de origen MX-MxUPN
Lengua de catalogación spa
Normas de descripción aacr2
041 0# - CÓDIGO DE IDIOMA
Código de lengua del texto/banda sonora o título independiente spa
050 #4 - SIGNATURA TOPOGRÁFICA DE LA BIBLIOTECA DEL CONGRESO
Número de clasificación HQ799.2 V56
245 00 - MENCIÓN DE TÍTULO
Título Juventudes, género y violencia :
Resto del título entretejidos en contextos contemporáneos
Medio [recurso electrónico en línea]
250 ## - MENCIÓN DE EDICIÓN
Mención de edición Primera edición
260 ## - PUBLICACIÓN, DISTRIBUCIÓN, ETC.
Lugar de publicación, distribución, etc. Cuernavaca, Morelos :
Nombre del editor, distribuidor, etc. Universidad Autónoma del Estado de Morelos,
Fecha de publicación, distribución, etc. 2025
300 ## - DESCRIPCIÓN FÍSICA
Extensión 1 recurso en línea (342 páginas) :
Otras características físicas PDF
505 0# - NOTA DE CONTENIDO CON FORMATO PREESTABLECIDO
Título Identidad masculina en la encrucijada de las convocatorias y los procesos de subjetivación /
Mención de responsabilidad Raúl Enrique Anzaldúa Arce. --
Título Adolescentes y reglamentos escolares: la interpelación 67 de la norma frente a las nuevas masculinidades /
Mención de responsabilidad Ana Cecilia Valencia Aguirre, José María Nava Preciado, Alejandro César Antonio Luna Bernal. --
Título Relatos docentes sobre masculinidad escolar indígena en Morelos /
Mención de responsabilidad Gustavo Adolfo Enríquez Gutiérrez. --
Título La educación superior y la configuración de las masculinidades /
Mención de responsabilidad Irene Aguado Herrera. --
Título “Por internet lo consigo”: estrategias económicas de jóvenes afromexicanas migrantes retornadas en contextos rurales /
Mención de responsabilidad Alejandra A. Ramírez López, Belem Quezada Díaz . --
Título La masculinidad hegemónica y el amor romántico : de las expectativas de género a las masculinidades no violentas /
Mención de responsabilidad Paris González Aguirre. --
Título Mujeres violentadas : desnudando lo real de las narrativas /
Mención de responsabilidad María Teresa Prieto Quezada, José Claudio Carrillo Navarro. --
Título Manifestaciones de violencia simbólica de género en una institución de educación superior para el campo educativo /
Mención de responsabilidad Andrea Belén Vargas Gómez, Josué Eduardo Villegas Reyes, Gloria Martínez Martínez. --
Título La violencia simbólica de género y el lenguaje no incluyente (encubierto) como elementos que generan y perpetúan la discriminación en el ámbito jurídico /
Mención de responsabilidad Aída Figueroa Bello.
506 0# - NOTA DE RESTRICCIONES AL ACCESO
Limitaciones de acceso Acceso abierto.
650 #4 - ASIENTO SECUNDARIO DE MATERIA - TERMINO TEMATICO
Término de materia o nombre geográfico como elemento de entrada Jóvenes y violencia
Subdivisión geográfica México
9 (RLIN) 22199
700 1# - ASIENTO SECUNDARIO--NOMBRE DE PERSONAL
Nombre de persona Valencia Aguirre, Ana Cecilia
9 (RLIN) 33933
Término indicativo de función/relación coordinación
700 1# - ASIENTO SECUNDARIO--NOMBRE DE PERSONAL
Nombre de persona Enríquez Gutiérrez, Gustavo Adolfo
9 (RLIN) 54437
Término indicativo de función/relación coordinación
856 40 - LOCALIZACIÓN Y ACCESO ELECTRÓNICOS
Identificador Uniforme del Recurso <a href="http://riaa.uaem.mx/handle/20.500.12055/4925">http://riaa.uaem.mx/handle/20.500.12055/4925</a>
902 ## - ELEMENTOS DE DATOS B LOCAL, LDB (RLIN)
Creó VíctorGodínez/210426
942 ## - ELEMENTOS DE PUNTO DE ACCESO ADICIONAL (KOHA)
Fuente del sistema de clasificación o colocación Library of Congress Classification
Tipo de ítem Koha Libro Electrónico
Holdings
Estado de retiro Estado de pérdida Fuente del sistema de clasificación o colocación Estado dañado No para préstamo Código de colección Localización permanente Ubicación/localización actual Ubicación en estantería Fecha de adquisición Total de préstamos Clasificación Fecha visto por última vez Identificador Uniforme del Recurso Precio válido a partir de Tipo de ítem Koha
    Library of Congress Classification     Acceso abierto Bib. Gregorio Torres Quintero Bib. Gregorio Torres Quintero En línea 21/04/2026   HQ799.2 V56 21/04/2026 http://riaa.uaem.mx/handle/20.500.12055/4925 21/04/2026 Libro Electrónico